| 000 | 00935nam a2200217Ia 4500 | ||
|---|---|---|---|
| 001 | 14624 | ||
| 003 | GE_BSU | ||
| 008 | 181216s||||||||xx |||||||||||||| ||und|| | ||
| 040 | _cGE_BSU | ||
| 080 | _a621.316.002(035) | ||
| 100 | _aРябцев,Ю.И. Тирановский,Г.Г. | ||
| 245 | _aСправочник по монтажу распределительных устроиств выше 1000 В на электростанциях и подстанциях. | ||
| 245 | _cПод ред. Н.А.Иванова, С.Г.Ляуера, Н.Г.Этуса. | ||
| 250 | _a2-е изд. переаб. и доп. | ||
| 260 | _aМ. | ||
| 260 | _bЭнергия. | ||
| 260 | _c1979. | ||
| 300 | _a344 стр. 20 см. с илл. | ||
| 653 | _aСправочник по монтажу распределительных устроиств выше 1000 В на электростанциях и подстанциях. | ||
| 942 | _cBK | ||
| 999 |
_c47753 _d47753 |
||